Joe Dassin en chansons # 12 - Statistiques

Statistiques générales
  • Ce quiz a été pris 1 327 fois
  • Le résultat moyen est 11 sur 25
Statistiques - réponses
Paroles Chansons % Correct
On ira où tu voudras, quand tu voudras
Et l'on s'aimera encore, lorsque l'amour sera mort
L'été indien
89%
Je m'baladais sur l'avenue le cœur ouvert à l'inconnu
J'avais envie de dire bonjour à n'importe qui
Les Champs-Elysées
88%
J'ai cueilli les fleurs et j'ai sifflé tant que j'ai pu
J'ai attendu, attendu, elle n'est jamais venue
Siffler sur la colline
85%
Dis-moi pourquoi j'existerais
Pour traîner dans un monde sans toi
Sans espoir et sans regret
Et si tu n'existais pas
68%
Les amis, je dois m'en aller
Je n'ai plus qu'à jeter mes clés
Car elle m'attend depuis que je suis né
L'Amérique
64%
Je réchauffais ma vie à son sourire
Moi, j'avais le soleil
Nuit et jour dans les yeux de l'amour
Dans les yeux d'Emilie
59%
A la façon que tu as d'être belle
À la façon que tu as d'être à moi
A toi
57%
Et pourtant elle était belle, les clients ne voyaient qu'elle
Il faut dire qu'elle était vraiment très croustillante
Autant que ses croissants
Le petit pain au chocolat
53%
On allumait une cigarette et tout s'allumait
Et c'était la fête, le quatorze Juillet
Il n'y avait jamais un copain de trop
L'équipe à Jojo
50%
Ne vous étonnez pas, si leur tout premier crime
Fut d'avoir fait mourir leur maman de chagrin.
Les Dalton
49%
Comment tu vas?
Le temps m'a paru très long
Loin de la maison j'ai pensé à toi
Salut
48%
Il a trop tourné sans nous
Il pleuvra toujours sur Londres
Ça va rien changer du tout
Ca va pas changer le monde
43%
Et si ce soir on dansait _____________ Un peu de tendresse au milieu du disco Le dernier slow
42%
Souviens-toi, c'était un jeudi
Souviens-toi, on avait suivi
Le chemin des amoureux
Il était une fois nous deux
41%
On s'est aimé comme on se quitte
Tout simplement sans penser à demain
À demain qui vient toujours un peu trop vite
Salut les amoureux
40%
Il y a les filles dont on rêve
Et celles avec qui l'on dort
Il y a les filles qu'on regrette
Et celles qui laissent des remords
La fleur aux dents
37%
Qu'il est long, qu'il est loin,____________
C'est vraiment fatigant d'aller où tu vas
Qu'il est long, qu'il est loin
Le chemin de papa
34%
Ô _______ , ton vin est trop doux
Mais j'aime son goût sur tes lèvres
Cécilia
24%
On est fait pour l'oublier ensemble
Les chiens perdus, les incompris
On les connaît, on leur ressemble
Si tu t'appelles mélancolie
21%
Dans Paris à vélo on dépasse les autos
À vélo dans Paris on dépasse les taxis
La complainte de l'heure de pointe
16%
Et l'heure du déjeuner venue, on est retournés à la maison
Et notre mère a crié de la cuisine "essuyez vos pieds sur l'paillasson"
Puis elle nous dit qu'elle avait des nouvelles de Bourg-les-Essonnes
Marie-Jeanne
16%
Aux rendez-vous des amours sans abri
On était bien, on se sentait seuls au monde
On n'avait rien mais on avait toute la vie
Le café des trois colombes
14%
Et sur les routes de l'exil
Sur les sentiers, sur les places
Il me parlait de sa ville
Guantanamera
13%
Quand tu vas dans les rues de la ville
Que tu es belle, pas très fidèle
Trop souvent tu flirtes avec les soldats
C'est la vie, Lily
9%
Tu pars avec lui, il meurt avec toi On a beau prier, on a beau crier L'amour nous oublie, comment l'oublier ? Et l'amour s'en va
5%
Aucun quiz correspondant
Distribution des résultats
% des personnes avec chaque résultat
Percentile par nombre de réponses
Votre historique - résultats
Vous n’avez pas pris ce quiz